000 01025nam a2200277 a 4500
001 BRCA_4863
005 20190320204832.0
008 040510s1961----sp-a######---#000-0#spa-#
041 _aspa
044 _asp
050 4 _aN5300
_b.P55 4
_c1961
100 1 _aPijoán, José
_d1880-1963
_qJosé Pijoán Soteras
_912302
245 1 0 _aSumma Artis
_bhistoria general del arte
_cdirigida por José Pijoán.
260 _aEspaña
_bEspasa-Calpe
_c1961
300 _a558 p. (v.18)
_bil. (algunas a color)
_c27 cm.
500 _aIncluye índice alfabético, índice de materias e índice de láminas
500 _aEnciclopedia inventariada por Banco de México como libro
500 _aVer también AA121, AA122, AA123, D137, D138, D142 y N28
500 _aD136
504 _aBibliografía: p. [521]-523
505 0 _aContenido: v.18. La escultura y la rejería españolas del siglo XVI, por José Camón Aznar
650 1 4 _aArte
_xHistoria
_912303
700 1 _aCamón Aznar, José
_910797
902 _aGFM
942 _2lcc
_cB
999 _c4557
_d4557